LEADER 01197nam a2200253 u 4500 001 000000058096 003 CaOOAMICUS 005 20070226120644.0 008 010525s1957 wiu u000 u eng u 035 $a10890398 040 $aPUL(R)$bita 100 1 $aFriedrich, Carl Joachim,$d1901-$0(OLS)http://pul/name/40406 245 10$aConstitutional reason of State :$bthe survival of the Constitutional order /$cC.J. Friedrich. 260 $aProvidence ;$aRhone Island :$bBroun University Press,$c1957. 300 $a131 p. ;$c20 cm 490 1 $aThe Colver Lectures (Brown University) 650 4$aPolitica.$0(OLS)http://pul/subject/480 650 4$aStato$xConcetto.$0(OLS)http://pul/subject/7404 830 4$aThe Colver Lectures (Brown University).$0(OLS)http://pul/title/77801 850 $aPUL 852 $aPUL$W1$xDP1 Altre Collocazioni$y17$mSenza collocazione$j12$nBK-PRI$b $qStampati$B75925$CPULBib$Z2$F75925 $H $81 941 1 $a8 996 $6245$aConstitutional reason of State :$bthe survival of the Constitutional order$9(OLS)http://pul/title/77800 996 $6260$aProvidence ;$aRhone Island :$bBroun University Press$9(OLS)http://pul/publisher/69588 LEADER 01445nam a2200313 a 4500 001 000000136139 003 CaOOAMICUS 005 20131113121016.0 008 131113s2010 ne u000 u eng r 020 $a978-94-007-3239-1 040 $aPUL$bita 082 04$a501 245 04$aThe present situation in the philosophy of science /$cFriedrich Stadler, general editor ; together with: Dennis Dieks ... [et al.]. 260 $aDordrecht :$bSpringer Science+Business Media ,$cİ2010. 300 $a422 p. ;$c24 cm 490 1 $aPhilosophy of science in a European perspective ;$v01 504 $aBibliografia in nota. 650 4$aFilosofia della scienza.$0(OLS)http://pul/subject/5136 700 1 $aStadler, Friedrich,$d1951-$0(OLS)http://pul/name/53148 700 1 $aDieks, Dennis.$0(OLS)http://pul/name/87642 830 0$aPhilosophy of science in a European perspective ;$v01.$0(OLS)http://pul/title/172153 850 $aPUL 852 $aPUL$W1$xSL Cons. Gen., Altre Classi 3$y75$m501 STAFR 1$j156913$qDDC 21$B156319$CPULBib$Z2$F156319 $H123163 $82 941 1 $a9 996 $6020$a978-94-007-3239-1$9(OLS)http://pul/number/153897 996 $6082$a501$9(OLS)http://pul/classification/520 996 $6245$aThe present situation in the philosophy of science$9(OLS)http://pul/title/172152 996 $6260$aDordrecht :$bSpringer Science+Business Media $9(OLS)http://pul/publisher/82165